Vista normal
Vista MARC
Entrada Personal Name
Número de registros utilizados en: 1
001 - CONTROL NUMBER
- control field: 69570
003 - CONTROL NUMBER IDENTIFIER
- control field: OSt
005 - DATE AND TIME OF LATEST TRANSACTION
- control field: 20260324141006.0
008 - FIXED-LENGTH DATA ELEMENTS
- fixed length control field: 260324|| aca||aabn | a|a d
040 ## - CATALOGING SOURCE
- Original cataloging agency: OSt
- Transcribing agency: OSt
100 ## - HEADING--PERSONAL NAME
- Personal name: Carrasquilla, Tomás
- Dates associated with a name: 1858-1944
- General subdivision: Critica e interpretación
670 ## - SOURCE DATA FOUND
- Source citation: Work cat.: (OSt)60843: Carrasquilla, Tomás 1858-1940 69569, Frutos de mi tierra